Music Quiz

Random Music Quiz

UK Top 40 Singles of 1970 Quiz Stats

 Plays Quiz not verified by Sporcle

Challenge
Share
Tweet
Embed
Score 0/40 Timer 08:00
0 Plays Today
Position Single % Correct
1.In The Summertime
95.2%
4.Spirit In The Sky
91.7%
5.Bridge Over Troubled Water
90.5%
15.Lola
84.5%
8.All Right Now
77.4%
3.Band Of Gold
75%
6.I Hear You Knocking
75%
28.Two Little Boys
72.6%
11.Tears Of A Clown
69%
40.Paranoid
69%
9.Wand'rin Star
64.3%
7.Back Home
60.7%
12.Love Grows (Where My Rosemary Goes)
60.7%
13.Woodstock
58.3%
14.All Kinds Of Everything
58.3%
10.Yellow River
53.6%
22.Voodoo Chile
52.4%
38.I Want You Back
50%
31.Cracklin' Rosie
38.1%
33.Give Me Just a Little More Time
38.1%
Position Single % Correct
2.The Wonder Of You
36.9%
21.Patches
35.7%
30.When I'm Dead And Gone
35.7%
35.Mama Told Me (Not To Come)
35.7%
25.Question
32.1%
17.Groovin' With Mr Bloe
31%
20.Neanderthal Man
29.8%
19.Black Night
28.6%
18.Something
21.4%
39.Up Around The Bend
20.2%
23.Cottonfields
16.7%
26.Knock Knock Who's There
15.5%
37.Indian Reservation
14.3%
29.You Can Get It If You Really Want
13.1%
16.Can't Help Falling In Love
7.1%
36.Goodbye Sam, Hello Samantha
7.1%
32.It's All In The Game
6%
34.Me And My Life
6%
24.Honey Come Back
4.8%
27.Sally
4.8%

You're not logged in!

Compare scores with friends on all Sporcle quizzes.
OR
Log In

You Might Also Like...

Show Comments

Extras

Top Quizzes Today


Score Distribution

Your Account Isn't Verified!

In order to create a playlist on Sporcle, you need to verify the email address you used during registration. Go to your Sporcle Settings to finish the process.

Report this User

Report this user for behavior that violates our Community Guidelines.

Details: